| 000 | 00536nam a2200157 i 4500 | ||
|---|---|---|---|
| 001 | 34164 | ||
| 003 | ES-MaACL | ||
| 007 | t| | ||
| 008 | 030204s1954 sp ||||1| spa d | ||
| 100 | 1 |
_aBlanco Blanco, José. _929227 |
|
| 245 | 1 | 0 |
_aHomografía y homología _b: texto correspondiente a los programas vigentes para el ingreso en la Academia General aprobados 1953 / _cJosé Blanco Blanco. |
| 250 | _a1ª ed. | ||
| 260 |
_aLérida : _bLa Editora Leridana, _c1954. |
||
| 300 |
_a137 p. ; _c22 cm. |
||
| 852 |
_aES-MaACL _jC-6546 _bR.35909 |
||
| 999 |
_c34164 _d34164 |
||